000 00993nam0a22002651 4500
001 rc\3176160
005 20120615113310.5
021 _aRU
_b[76-16312]
035 _a(NLR Aleph) 007330664
090 _a6006051
_c6006051
100 _a20120615d1976 |||y0rusy50 ca
101 0 _arus
102 _aRU
105 _aa z |||||
200 1 _aГельминты диких млекопитающих Средней Азии
_eОпыт Экол.-геогр. анализа
_fМ.М. Токобаев
_gАН КиргССР, Ин-т биологии
210 _aФрунзе
_cИлим
_d1976
215 _a179 с.
_cил.
_d21
320 _aСписок лит.: с. 163-178
606 _aГельминты млекопитающих
_yСреднеазиатские республики
_2psbo
700 1 _aТокобаев
_bМ. М.
_f1932-
_gМарат Молдогзиевич
801 0 _aRU
_bNLR
_gpsbo
801 1 _aRU
_bELAR
_2rusmarc
852 _aNLR
_j76-5/2537
942 _cBOOK
980 _aNB